书目信息 |
| 题名: |
文化创意十五讲
|
|
| 作者: | 王文革 主编 | |
| 分册: | ||
| 出版信息: | 北京 中国传媒大学出版社 2013.01 |
|
| 页数: | 255页 | |
| 开本: | 24cm | |
| 丛书名: | ||
| 单 册: | ||
| 中图分类: | G114 | |
| 科图分类: | ||
| 主题词: | ||
| 电子资源: | ||
| ISBN: | 978-7-5657-0635-6 | |
| 000 | 00549nam0 2200169 450 | |
| 001 | 202410212689107421 | |
| 005 | 20241021143638.21 | |
| 010 | @a978-7-5657-0635-6@d¥42.00 | |
| 100 | @a20241021d km y0chiy0120 ea | |
| 101 | 0 | @achi |
| 200 | 1 | @a文化创意十五讲@AWen Hua Chuang Yi Shi Wu Jiang@f王文革主编@FWang Wen Ge Zhu Bian |
| 210 | @a北京@c中国传媒大学出版社@d2013.01 | |
| 215 | @a255页@d24cm | |
| 690 | @aG114@v4 | |
| 701 | 0 | @a王文革@AWang Wen Ge@4主编 |
| 801 | 0 | @aCN@b大连网信软件有限公司图书馆·11@c20241021 |
| 905 | @aZUCC@b1430390@dG114@e109@f1 | |
| 文化创意十五讲/王文革主编.-北京:中国传媒大学出版社,2013.01 |
| 255页;24cm |
| ISBN 978-7-5657-0635-6:¥42.00 |
| ● |
| 相关链接 |
|
|
|
|
正题名:文化创意十五讲
索取号:G114/109
 
预约/预借
| 序号 | 登录号 | 条形码 | 馆藏地/架位号 | 状态 | 备注 |
| 1 | 1430390 | 214303902 | 密集书库-史法系/ [索取号:G114/109] | 在馆 |